Most Populated Urban Areas of Uttar Pradesh - Statistics

General Stats
  • This quiz has been taken 13 times
  • The average score is 5 of 10
Answer Stats
Population (2011) City (Urban Area/Metropolitan Region) % Correct
10,958,904 Lucknow
100%
8,262,656 Kanpur
90%
4,418,797 Agra
80%
5,954,391 Prayagraj
70%
4,448,359 Bareilly
60%
9,105,133 Gorakhpur
30%
4,483,992 Sitapur
20%
8,234,181 Azamgarh
10%
4,092,845 Hardoi
10%
4,494,204 Jaunpur
10%
No matching quizzes found
Score Distribution
Percent of People with Each Score
Percentile by Number Answered
Your Score History
You have not taken this quiz